Hindustani Muslaman Ek Tareekhi Jaaiza (Record no. 11183)

MARC details
000 -LEADER
fixed length control field 00673nam a2200265 a 4500
020 ## - INTERNATIONAL STANDARD BOOK NUMBER
ISBN
082 00 - DEWEY DECIMAL CLASSIFICATION NUMBER
Classification number 305.6297054
Author Cutter NAD
100 ## - MAIN ENTRY--AUTHOR NAME
Author name Nadwi, S A A
245 ## - TITLE STATEMENT
Title Hindustani Muslaman Ek Tareekhi Jaaiza
250 ## - EDITION STATEMENT
Edition statement 49th ed.
260 ## - PUBLICATION, DISTRIBUTION, ETC. (IMPRINT)
Place of publication Lucknow
Name of publisher Majlis-E-Tahqeeqat
Year of publication 1992
300 ## - PHYSICAL DESCRIPTION
Number of Pages 240p
500 ## - GENERAL NOTE
General note includes index and biblioraphy
505 2# - FORMATTED CONTENTS NOTE
Formatted contents note vol.Nos. X and XIII only
650 ## - SUBJECT ADDED ENTRY--TOPICAL TERM
Topical Term Muslims-India
650 ## - SUBJECT ADDED ENTRY--TOPICAL TERM
Topical Term India-History Muslim Period
942 ## - ADDED ENTRY ELEMENTS (KOHA)
Koha item type Books
700 1# -
-- Nadwi, S A A
Holdings
Collection code Home library Current library Date acquired Cost, normal purchase price Full call number Accession Number Koha item type
  Henry Martyn Institute Library Henry Martyn Institute Library 03/28/2007 40.00 305.6297054 NAD 015674 Books
                   Copyright © 2026 | Henry Martyn Institute | Hyderabad | TS-500052 | INDIA | Implemented by hmi.edu.in
Hit-Count:

Powered by Koha